Annie Besant. (Record no. 56832)

MARC details
000 -LEADER
fixed length control field 00648cam a22002171 4500
001 - CONTROL NUMBER
control field sa 64001614
003 - CONTROL NUMBER IDENTIFIER
control field DLC
005 - DATE AND TIME OF LATEST TRANSACTION
control field 20260227112003.0
008 - FIXED-LENGTH DATA ELEMENTS--GENERAL INFORMATION
fixed length control field 741122s1963 ii c 000 0 eng
010 ## - LIBRARY OF CONGRESS CONTROL NUMBER
LC control number sa 64001614
035 ## - SYSTEM CONTROL NUMBER
System control number (OCoLC)1085368
040 ## - CATALOGING SOURCE
Original cataloging agency DLC
Transcribing agency NBuU
Modifying agency DLC
042 ## - AUTHENTICATION CODE
Authentication code premarc
050 00 - LIBRARY OF CONGRESS CALL NUMBER
Classification number BP585.B3
Item number R3
100 1# - MAIN ENTRY--PERSONAL NAME
Personal name Ramaswami Aiyar, C. P.
Fuller form of name (Chetpat Pattabhirama),
Dates associated with a name 1879-1966.
245 10 - TITLE STATEMENT
Title Annie Besant.
260 ## - PUBLICATION, DISTRIBUTION, ETC.
Place of publication, distribution, etc. [Delhi]
Name of publisher, distributor, etc. Publications Division, Ministry of Information and Broadcasting,
Date of publication, distribution, etc. [1963]
300 ## - PHYSICAL DESCRIPTION
Extent 152 p.
Other physical details port.
Dimensions 19 cm.
440 #0 - SERIES STATEMENT/ADDED ENTRY--TITLE
Title Builders of modern India
600 10 - SUBJECT ADDED ENTRY--PERSONAL NAME
Personal name Besant, Annie,
Dates associated with a name 1847-1933.

No items available.

Powered by Koha